00383nam a2200121 a 4500008004100000050001300041100001700054245009100071260004000162300001600202350000900218490003400227120416s2004 ||||||||||||||||| || u aIBRD(08) aZervos, Sara14aThe transactions cost of primary market issuance: the case of Brazil, Chile and Mexico aWashington, D. C.bWorld Bankc2004 a19p. : ill. a0.00 aPolicy Research Working Paper